Jazykovedné dielo Ľudovíta Štúra v slovanskom kontexte

Bibliographic Details
Main Author: Blanár, Vincent, 1920-2012 (Author)
Format: Article
Language:Slovak
ISBN:8070904046
Subjects:

MARC

LEADER 00000nab a2200000 a 4500
001 vtls000849667
003 SK-MaSNL
005 20260303205036.0
008 220303c1997 xo 0 slo
015 |a SNBRA2003/10-29553 
035 |a CLN000201322 
040 |a SNKBUCL  |b slo  |c SNKBUCL  |e AACR2 
041 0 |a slo 
044 |a xo  |c SK 
080 |a 81-051  |2 UDC-MRF-SK2 
080 |a 811.162.4(091)"18"  |2 UDC-MRF-SK2 
080 |a 94(437.6)-051"18"  |2 UDC-MRF-SK2 
080 |a 929 Štúr, Ľudovít  |2 UDC-MRF-SK2 
100 1 |a Blanár, Vincent,  |d 1920-2012  |4 aut  |9 89998 
245 1 0 |a Jazykovedné dielo Ľudovíta Štúra v slovanskom kontexte  |c Vincent Blanár 
504 |a Bibliogr. odkazy 
600 1 7 |a Štúr, Ľudovít,  |d 1815-1856  |2 snkbucl  |9 92872 
655 7 |a články zo zborníkov  |2 snkbucl  |9 166140 
773 0 |w SK01SNK19970233420  |z 8070904046  |t Ľudovít Štúr v súradniciach minulosti a súčasnosti  |d Martin : Matica slovenská, 1997  |g S. 235-241 
850 |a Slovenská národná knižnica v Martine 
852 |a SNK  |b KIS3GCP 
958 |a BX 
958 |a NB 
999 |c 2193390  |d 2195320